Integrální počet 1

Guardado en:
Detalles Bibliográficos
Autor principal: Jarník, Vojtěch
Formato: Libro
Lenguaje:checo
Publicado: Praha Academia 1984
Edición:6. nezměn. vyd.
Etiquetas: Agregar Etiqueta
Sin Etiquetas, Sea el primero en etiquetar este registro!

MARC

LEADER 00000nam a2200000 4500
001 c115367
005 20041019155201.2
041 0 |a cze 
044 |a CZ 
245 1 0 |a Integrální počet 1  |c Vojtěch Jarník 
250 |a 6. nezměn. vyd. 
264 1 |a Praha  |b Academia  |c 1984 
300 |a 243 s. 
100 1 |a Jarník, Vojtěch